[Event "Coupe Niveau 6"]
[Site "www.echecsemail.com"]
[Date "2026.01.01"]
[Round "1"]
[White "Carrighir"]
[Black "Guig47"]
[WhiteElo "2130"]
[BlackElo "2210"]
[Result "0-1"]
1.e4 e6
2.d4 d5
3.e5 c5
4.c3 Qd8b6
5.Ng1f3 Nb8c6
6.a3 cxd4
7.cxd4 Ng8e7
8.b4 Ne7g6
9.Nb1c3 Bf8e7
10.Nc3a4 Qb6d8
11.Na4c5 b6
12.Bf1b5 Bc8d7
13.Nc5xd7 Qd8xd7
14.O-O a6
15.Bb5d3 O-O
16.Nf3g5 Be7xg5
17.Bc1xg5 h6
18.Bg5e3 Nc6e7
19.g4 f5
20.exf6 Rf8xf6
21.f4 Ra8f8
22.Qd1d2 Qd7d6
23.Ra1c1 Ng6xf4
24.Bd3xa6 Ne7g6
25.Be3xf4 Rf6xf4
26.Rf1xf4 Qd6xf4
27.Qd2xf4 Rf8xf4
28.h3 Rf4xd4
29.Rc1c6 Ng6f4
30.Ba6f1 e5
31.Rc6xb6 e4
32.Kf2 g5
33.Rb6xh6 Rd4d2
34.Ke3 Rd2d1
35.Bf1b5 Kg7
36.Rh6d6 Rd1h1
37.Bb5c6 Rh1xh3
38.Kd4 Rh3d3
39.Ke5 Nf4g6
40.Kf5 Ng6e7
41.Kxg5 Ne7xc6
42.Rd6xc6 e3
43.Rc6c7 Kf8
44.Kf6 Ke8
45.g5 Rd3xa3
46.g6 Ra3a6
47.Kg7 e2
48.Rc7c1 Ra6e6
49.Rc1e1 d4
50.Kh7 d3
51.g7 Re6e7
52.b5 Kd7
53.Kh8 Re7xg7
{ abandon }0-1

[Event "Défi"]
[Site "www.echecsemail.com"]
[Date "2026.01.01"]
[Round "1"]
[White "Burgman"]
[Black "U27940"]
[WhiteElo "2020"]
[BlackElo "2080"]
[Result "0-1"]
1.e4 e6
2.d3 d5
3.Nb1d2 Nb8d7
4.g3 c6
5.Bf1g2 Ng8f6
6.Qd1e2 Qd8a5
7.c3 Qa5a6
8.e5 Nf6g4
9.Qe2xg4 Nd7xe5
10.Qg4e2 Ne5xd3
11.Kf1 c5
12.Ng1f3 Bc8d7
13.Kg1 c4
14.b3 cxb3
15.Nd2xb3 Bd7b5
16.Qe2e3 Bb5c4
17.Bc1d2 Bc4xb3
18.Nf3d4 Bf8c5
19.Bg2f3 O-O
20.Kg2 Bb3c4
21.Rh1b1 e5
22.Bf3g4 exd4
23.cxd4 Bc5a3
24.Bd2c3 f5
25.Bg4e2 f4
26.gxf4 Nd3xf4
27.Kh1 Bc4xe2
{ abandon }0-1

[Event "Noël 2025 n4"]
[Site "www.echecsemail.com"]
[Date "2026.01.01"]
[Round "1"]
[White "Patau"]
[Black "Nbelnico"]
[WhiteElo "1710"]
[BlackElo "1730"]
[Result "0-1"]
1.e4 e5
2.Ng1f3 d6
3.d4 exd4
4.Qd1xd4 a6
5.Bf1c4 Nb8c6
6.Qd4d3 Nc6b4
7.Qd3d1 h6
8.O-O Ng8f6
9.Nb1c3 Bf8e7
10.Bc1e3 O-O
11.a3 Nb4c6
12.Qd1d2 Bc8g4
13.Nf3d4 Nc6e5
14.Bc4b3 c5
15.Nd4f5 Bg4xf5
16.exf5 c4
17.f4 cxb3
18.fxe5 dxe5
19.cxb3 Qd8c7
20.Nc3d5 Qc7d6
21.Nd5xf6 Qd6xf6
22.Ra1c1 Ra8d8
23.Qd2e2 Be7d6
24.Be3c5 Bd6xc5
25.Rc1xc5 b6
26.Rc5c7 Rf8e8
27.Qe2xa6 e4
28.Qa6c4 e3
29.Rf1e1 Qf6xf5
30.Re1f1 Qf5h5
31.Qc4xf7 Qh5xf7
32.Rf1xf7 Rd8d1
33.Rf7f1 e2
{ abandon }0-1

[Event "Tournoi n27342"]
[Site "www.echecsemail.com"]
[Date "2026.01.01"]
[Round "1"]
[White "Patbe"]
[Black "Tiounet"]
[WhiteElo "1570"]
[BlackElo "1640"]
[Result "1-0"]
1.d4 b5
2.d5 Bc8b7
3.e4 a6
4.Nb1c3 Ng8f6
5.Bf1d3 g6
6.Bc1g5 Bf8g7
7.e5 Nf6xd5
8.Nc3xd5 Bb7xd5
9.f3 O-O
10.Bd3e4 Bd5xe4
11.fxe4 Rf8e8
12.Ng1f3 Nb8c6
13.O-O Nc6xe5
14.Nf3xe5 Bg7xe5
15.Qd1d5 Be5xb2
16.Bg5h6 Bb2xa1
17.Qd5xf7 Kh8
18.Rf1xa1 Re8g8
19.Qf7d5 e6
20.Qd5e5 { abandon }1-0

[Event "Tournoi échelle champions"]
[Site "www.echecsemail.com"]
[Date "2026.01.01"]
[Round "1"]
[White "Orosco"]
[Black "Burgman"]
[WhiteElo "2280"]
[BlackElo "2030"]
[Result "1-0"]
1.e4 Ng8f6
2.e5 Nf6d5
3.d4 d6
4.c4 Nd5b6
5.f4 dxe5
6.fxe5 Nb8c6
7.Bc1e3 Bc8f5
8.Nb1c3 e6
9.Ng1f3 Bf5g4
10.Qd1d2 Bf8b4
11.O-O-O Nb6a4
12.Qd2c2 Na4xc3
13.bxc3 Bb4a3
14.Kb1 Qd8e7
15.c5 Bg4f5
16.Bf1d3 Bf5xd3
17.Rd1xd3 O-O-O
18.Rh1d1 f6
19.Qc2a4 Ba3xc5
20.dxc5 Rd8xd3
21.Rd1xd3 fxe5
22.Qa4e4 Qe7f6
23.Be3c1 Qf6f5
24.Rd3e3 Rh8e8
25.Kb2 a5
26.Nf3xe5 Nc6xe5
27.Qe4xe5 Qf5xe5
28.Re3xe5 Kd7
29.c6 Kxc6
30.Re5xa5 e5
31.c4 e4
32.Bc1e3 b6
33.Ra5d5 h6
34.Kc3 Re8e7
35.Kd4 Re7e6
36.Rd5e5 Kd6
37.Re5xe6 Kxe6
38.Kxe4 g5
39.g4 c5
40.Be3f2 Kd6
41.Kf5 Kc6
42.Kg6 b5
43.cxb5 Kxb5
44.Kxh6 c4
45.Kxg5 c3
46.Bf2e3 { abandon }1-0

[Event "Défi"]
[Site "www.echecsemail.com"]
[Date "2026.01.01"]
[Round "1"]
[White "Khamis"]
[Black "Luz"]
[WhiteElo "1880"]
[BlackElo "1700"]
[Result "1-0"]
1.d4 d5
2.c4 e6
3.Bc1f4 c6
4.e3 Bf8b4
5.Nb1c3 c5
6.Ng1f3 f6
7.Bf1d3 Ng8e7
8.O-O O-O
9.Nc3b5 Bb4a5
10.a3 Nb8a6
11.Ra1c1 Ba5c7
12.Nb5xc7 Na6xc7
13.dxc5 b6
14.Bf4d6 bxc5
15.Bd6xc5 Bc8b7
16.Bd3b1 Nc7a6
17.Bc5d4 Qd8a5
18.Bd4c3 Qa5c7
19.Qd1d3 Ra8d8
20.Qd3xh7 Kf7
21.Qh7h5 g6
22.Qh5h7 Ke8
23.Nf3d4 Rd8d6
24.Nd4b5 Qc7d7
25.Nb5xd6 Qd7xd6
26.Bb1xg6 Kd7
27.cxd5 e5
28.Qh7h3 f5
29.Qh3h7 Qd6xg6
30.Qh7xg6 Ne7xg6
31.Rf1d1 Na6c5
32.Bc3b4 Nc5b3
33.Rc1c3 Rf8h8
34.Rc3xb3 e4
35.Bb4c3 Rh8b8
36.a4 f4
37.Kf1 Bb7a6
38.Rb3b5 Ba6xb5
39.axb5 Rb8xb5
40.exf4 Ng6xf4
41.d6 Nf4d5
42.Bc3e5 e3
43.f4 Nd5b6
44.Rd1c1 Nb6d5
45.Ke2 Ke6
46.g4 Nd5f6
47.h3 Nf6d7
48.Be5c3 Kxd6
49.Kxe3 Ke6
50.Rc1e1 Kd5
51.Re1d1 Ke6
52.f5 Ke7
53.Kf4 Nd7f6
54.Rd1e1 Kf7
55.Kg5 Rb5b8
56.Bc3xf6 Rb8g8
57.Kf4 Kxf6
58.Re1e6 Kg7
59.Re6e7 Kf6
60.Re7xa7 { abandon }1-0

[Event "Eq:LES CHATTERBOX-Les enfants de l Atlantide :"]
[Site "www.echecsemail.com"]
[Date "2026.01.02"]
[Round "1"]
[White "Pitouwb"]
[Black "Machja"]
[WhiteElo "1720"]
[BlackElo "1720"]
[Result "0-1"]
1.c4 e6
2.d4 d5
3.Nb1c3 c5
4.cxd5 cxd4
5.Qd1xd4 Ng8f6
6.Ng1f3 Bf8e7
7.e4 O-O
8.e5 Nf6e8
 { temps }0-1

[Event "Tournoi échelle division 1"]
[Site "www.echecsemail.com"]
[Date "2026.01.02"]
[Round "1"]
[White "Domenico"]
[Black "Pgo"]
[WhiteElo "1750"]
[BlackElo "1730"]
[Result "0-1"]
1.e4 e5
2.Bf1c4 Bf8c5
3.Ng1f3 d6
4.c3 Ng8f6
5.O-O O-O
6.a4 a6
7.b4 Bc5a7
8.d3 h6
9.Bc1e3 Nb8c6
10.Qd1c2 Bc8g4
11.Nb1d2 Rf8e8
12.d4 Bg4xf3
13.Nd2xf3 exd4
14.cxd4 Nf6xe4
15.Qc2b3 Re8e7
16.Bc4d5 Ra8b8
17.b5 Nc6a5
18.Qb3d3 Ne4f6
19.bxa6 Nf6xd5
20.axb7 Na5xb7
21.Qd3c4 Nd5xe3
22.fxe3 Re7xe3
23.a5 d5
24.Qc4c1 Re3xf3
25.Rf1xf3 Ba7xd4
26.Kh1 Bd4xa1
27.Qc1xa1 Nb7xa5
28.h3 c6
29.Qa1f1 f6
30.Rf3e3 Na5c4
31.Re3e6 Nc4d2
32.Qf1f4 Rb8b1
33.Kh2 Qd8b8
34.Qf4xb8 Rb1xb8
35.Re6xc6 Rb8b2
36.Rc6c8 Kh7
37.Kg1 Rb2b1
38.Kf2 Nd2e4
39.Ke2 Rb1b2
40.Kf3 Rb2f2
41.Ke3 Rf2xg2
42.Rc8c7 Rg2g3
43.Kd4 Rg3xh3
44.Kxd5 Ne4g5
45.Rc7a7 Kg6
46.Ra7xg7 Kxg7
{ abandon }0-1

[Event "Eq:Royal Kids-LES CHATTERBOX :"]
[Site "www.echecsemail.com"]
[Date "2026.01.02"]
[Round "1"]
[White "Skalfa"]
[Black "Pitouwb"]
[WhiteElo "1860"]
[BlackElo "1710"]
[Result "1-0"]
1.e4 e5
2.Ng1f3 d6
3.h3 Nb8c6
4.Nb1c3 Ng8f6
5.d3 Bc8e6
6.Bf1e2 Nc6d4
7.Nf3xd4 exd4
8.Nc3b5 c5
9.O-O a6
10.Nb5a3 b5
11.f4 Be6c8
12.Na3b1 Bc8b7
13.f5 h6
14.Nb1d2 d5
15.e5 Nf6h7
16.Nd2f3 c4
17.Nf3xd4 Qd8h4
18.Rf1f4  { temps }1-0

[Event "Tournoi n27266"]
[Site "www.echecsemail.com"]
[Date "2026.01.02"]
[Round "1"]
[White "Tizi"]
[Black "Saruman"]
[WhiteElo "1770"]
[BlackElo "1730"]
[Result "1-0"]
1.d4 d5
2.Ng1f3 Ng8f6
3.c4 c5
4.e3 cxd4
5.exd4 Bc8g4
6.Nb1c3 e6
7.h3 Bg4h5
8.cxd5 Nf6xd5
9.Qd1a4 Nb8d7
10.Nf3e5 Nd5b6
11.Qa4c2 Bf8b4
12.Bf1b5 O-O
13.Ne5xd7 Nb6xd7
14.O-O a6
15.Bb5d3 Nd7f6
16.Bc1g5 Bh5g6
17.Nc3e4 Bb4e7
18.Ne4xf6 Be7xf6
19.Bd3xg6 fxg6
20.Bg5e3 Ra8c8
21.Qc2e2 Qd8b6
22.Ra1b1 Qb6d6
23.Rf1d1 Qd6b8
24.d5 exd5
25.Rd1xd5 Bf6e5
26.Be3c5 Be5h2
27.Kh1 Rf8e8
28.Qe2f1 b6
29.Bc5e3 Bh2f4
30.Be3d4 Re8e7
31.g3  { temps }1-0

[Event "Tournoi n27327"]
[Site "www.echecsemail.com"]
[Date "2026.01.02"]
[Round "1"]
[White "Dolphine"]
[Black "Legrillon"]
[WhiteElo "1659"]
[BlackElo "1700"]
[Result "0-1"]
1.d4 d5
2.Ng1f3 Ng8f6
3.e3 Bc8g4
4.h3 Bg4xf3
5.Qd1xf3 e6
6.c4 c6
7.Nb1c3 Bf8b4
8.Bc1d2 Bb4xc3
9.Bd2xc3 O-O
10.Bf1d3 Nb8d7
11.O-O h6
12.Rf1e1 dxc4
13.Bd3xc4 b5
14.Bc4d3 a5
15.Qf3xc6 b4
16.Bc3d2 Ra8c8
 { temps }0-1

[Event "Coupe Niveau 2"]
[Site "www.echecsemail.com"]
[Date "2026.01.02"]
[Round "1"]
[White "Patau"]
[Black "Woluwe1975"]
[WhiteElo "1680"]
[BlackElo "1650"]
[Result "1-0"]
1.e4 f5
2.exf5 Ng8f6
3.d4 d5
4.c4 Bc8xf5
5.cxd5 Bf5xb1
6.Ra1xb1 Qd8xd5
7.Ng1f3 e5
8.dxe5 Qd5xd1
9.Kxd1 Nf6e4
10.Bc1e3 Bf8c5
11.Ke2 Bc5b6
12.Ke1 O-O
13.Bf1c4 Kh8
14.Rb1d1 Nb8c6
15.Ke2 Ra8d8
16.Rd1xd8 Rf8xd8
17.Rh1d1 Rd8xd1
18.Kxd1 Ne4xf2
19.Be3xf2 Bb6xf2
20.Ke2 Bf2c5
21.Bc4d5 Nc6e7
22.Bd5xb7 Bc5b6
23.Bb7e4 a5
24.Kd3 h6
25.Nf3d4 Kg8
26.Kc4 Kf7
27.Be4d5 Ne7xd5
28.Kxd5 Ke7
29.e6 Bb6xd4
30.Kxd4 Kxe6
31.Kc5 Kd7
32.Kb5 Kd6
33.Kxa5 c5
34.Kb5 { abandon }1-0

[Event "Amical( 10J+24H/c 10J Max )"]
[Site "www.echecsemail.com"]
[Date "2026.01.02"]
[Round "1"]
[White "Woluwe1975"]
[Black "Patau"]
[WhiteElo "1640"]
[BlackElo "1680"]
[Result "0-1"]
1.e4 e5
2.Nb1c3 Ng8f6
3.f4 d5
4.fxe5 Nf6xe4
5.d4 c5
6.Ng1f3 cxd4
7.Qd1xd4 Nb8c6
8.Bf1b5 Ne4xc3
9.bxc3 Bc8d7
10.Qd4xd5 Bf8e7
11.O-O O-O
12.Bb5d3 Bd7e6
13.Qd5e4 g6
14.Qe4e2 Qd8d7
15.Bc1h6 Rf8d8
16.Nf3d4 Nc6xd4
17.cxd4 Qd7xd4
18.Kh1 Rd8d5
19.Ra1d1 Qd4g4
20.Bh6f4 Qg4xe2
21.Bd3xe2 Rd5xd1
22.Rf1xd1 Ra8d8
23.Rd1xd8 Be7xd8
24.c4 Bd8b6
25.Be2f3 Be6xc4
26.a3 Bb6c5
27.Bf3xb7 Bc5xa3
28.Kg1 Ba3c5
29.Kh1 a5
30.Bb7c8 a4
{ abandon }0-1

[Event "Tournoi n27329"]
[Site "www.echecsemail.com"]
[Date "2026.01.02"]
[Round "1"]
[White "Odemevol"]
[Black "Dolphine"]
[WhiteElo "1960"]
[BlackElo "2089"]
[Result "1-0"]
1.d4 d5
2.c4 c6
3.Ng1f3 Ng8f6
4.Bc1g5 dxc4
5.Bg5xf6 exf6
6.e4 b5
7.a3 Bf8e7
8.Nb1c3 Bc8b7
9.b3 Qd8a5
10.b4 Qa5c7
11.Bf1e2 O-O
12.O-O Nb8d7
13.Qd1c2 a5
14.bxa5 Ra8xa5
15.Ra1a2 Be7xa3
16.Nc3b1  { temps }1-0

[Event "Eq:Pirates du Mat-LES CHATTERBOX :"]
[Site "www.echecsemail.com"]
[Date "2026.01.02"]
[Round "1"]
[White "Pitouwb"]
[Black "Rackam"]
[WhiteElo "1710"]
[BlackElo "2080"]
[Result "0-1"]
1.e4 d6
2.Ng1f3 Ng8f6
3.Bf1c4 g6
4.d3 Bf8g7
5.Bc1g5 c5
6.Nb1c3 O-O
7.h3 Nb8c6
8.a3 a6
9.O-O e6
10.Nc3e2 b5
11.Bc4a2 Qd8c7
12.Qd1c1 Nf6d7
13.Bg5h6 Nd7e5
14.Nf3xe5 Nc6xe5
15.Bh6xg7 Kxg7
16.Ne2f4 Bc8d7
17.c3 Ra8c8
18.d4 cxd4
19.cxd4 Qc7b6
20.Qc1d2 Ne5c4
21.Ba2xc4 Rc8xc4
22.Nf4e2 Rf8c8
23.Ra1d1 Rc4c2
24.Qd2e3 Rc2xb2
25.Ne2g3 Rc8c2
26.e5 Qb6c7
27.Ng3h5 gxh5
28.Qe3g5 Kf8
29.Qg5h6 Ke8
30.Qh6xh7 dxe5
31.Qh7g8 Ke7
32.Qg8g5 Kd6
33.Qg5xe5 Kc6
34.d5 Kb7
35.d6 Qc7c6
36.Qe5xh5 Bd7e8
37.Qh5g5 Rc2c5
38.Qg5e7 Qc6d7
39.Qe7f6 Rb2c2
40.Qf6f3 Kb8
41.Qf3e3 Rc2c3
42.Qe3d4 Rc3c4
43.Qd4f6 Rc5f5
44.Qf6h8 Rc4c5
45.a4 b4
46.Qh8b2 a5
47.Qb2e2 Ka7
 { temps }0-1

[Event "Tournoi n27279"]
[Site "www.echecsemail.com"]
[Date "2026.01.02"]
[Round "1"]
[White "4x4"]
[Black "Hermite"]
[WhiteElo "1470"]
[BlackElo "1500"]
[Result "1-0"]
1.e4 e5
2.f4 Ng8f6
3.fxe5 Nf6xe4
4.d3 Ne4c5
5.d4 Nc5e6
6.c3 d6
7.Ng1f3 dxe5
8.Nf3xe5 Bf8d6
9.g3 Bd6xe5
10.dxe5 Qd8xd1
11.Kxd1 Nb8d7
12.Bc1f4 b6
13.Bf1g2 Ra8b8
14.Nb1d2 O-O
15.Kc2 Ne6xf4
16.gxf4 Nd7c5
17.Nd2b3 Bc8f5
18.Kc1 Nc5d3
19.Kd2 Rb8d8
20.Nb3d4 Nd3xf4
21.Rh1g1 c5
22.Ke3 Nf4xg2
23.Rg1xg2 cxd4
24.cxd4 Rf8e8
25.Rg2f2 Bf5e6
26.b3 h6
27.Ra1c1 Re8f8
28.Rc1c7 f6
29.exf6 Rf8xf6
30.Rf2xf6 gxf6
31.Rc7xa7 f5
32.Ra7b7 Rd8d6
33.h4 Be6d5
34.Rb7b8 Kg7
35.Rb8e8 Rd6f6
36.Re8e7 Kg6
37.Re7d7 Bd5h1
38.a4 f4
39.Kf2 f3
40.d5 Kh5
41.d6 Rf6e6
42.Rd7d8 Re6e2
43.Kg1 f2
44.Kf1 Kxh4
45.Kxe2 Kg3
46.Rd8g8 Kh4
47.Kxf2 h5
48.d7 { abandon }1-0

[Event "Tournoi n27332"]
[Site "www.echecsemail.com"]
[Date "2026.01.02"]
[Round "1"]
[White "Albescab"]
[Black "Mandrak"]
[WhiteElo "1670"]
[BlackElo "1600"]
[Result "0-1"]
1.d4 e6
2.e3 d5
3.Ng1f3 f6
4.Bf1d3 Ng8h6
5.O-O b6
6.e4 Bc8b7
7.e5 Nh6f7
8.c4 Nb8a6
9.Qd1a4 c6
10.cxd5 b5
11.Bd3xb5 cxb5
12.Qa4xb5 Qd8d7
13.Qb5xd7 Kxd7
14.dxe6 Kxe6
15.exf6 gxf6
16.Rf1e1 Kd7
17.Nb1c3 Na6b4
18.Re1e2 Rh8g8
19.Nf3h4 Rg8g4
20.Nh4f5 Rg4xg2
21.Kf1 Rg2xh2
22.Ke1 Bb7f3
23.Re2d2 Rh2h1
0-1

[Event "Eq:Avalon-LES CHATTERBOX :"]
[Site "www.echecsemail.com"]
[Date "2026.01.02"]
[Round "1"]
[White "Pitouwb"]
[Black "Biquet"]
[WhiteElo "1700"]
[BlackElo "1870"]
[Result "0-1"]
1.d4 e6
2.e4 d5
3.e5 c5
4.c3 c4
5.b3 b5
6.Ng1f3 h6
7.Nb1d2 a5
8.bxc4 bxc4
9.Ra1b1 Bf8e7
10.Bf1e2 Nb8c6
11.Nd2f1 a4
12.Nf1g3 Bc8d7
13.O-O Nc6a5
14.Ng3h5 Be7g5
15.Nh5xg7 Kf8
16.Nf3xg5 hxg5
17.Ng7h5 Ng8h6
18.Nh5f6 Nh6f5
19.Bc1a3 Nf5e7
20.Be2h5 Kg7
21.Qd1f3 Ne7f5
22.Qf3g4 Kh6
23.Bh5xf7 Kg7
24.Bf7g8 Rh8xg8
25.Qg4xg5 Kf7
26.Qg5h5 Rg8g6
27.Ba3c1 Bd7c6
28.Qh5h7 Nf5g7
29.Qh7h3 Qd8h8
30.Qh3f3 Ng7f5
31.g4 Nf5h4
 { temps }0-1

[Event "Eq:Avalon-LES CHATTERBOX :"]
[Site "www.echecsemail.com"]
[Date "2026.01.02"]
[Round "1"]
[White "Panchoa"]
[Black "Pitouwb"]
[WhiteElo "1640"]
[BlackElo "1700"]
[Result "1-0"]
1.e4 e5
2.Ng1f3 Nb8c6
3.Bf1b5 Ng8e7
4.O-O d5
5.exd5 Qd8xd5
6.Nb1c3 Qd5c5
7.Qd1e2 a6
8.Bb5xc6 Qc5xc6
9.Nf3xe5 Qc6e6
10.d4 f6
11.Ne5f3 Qe6xe2
12.Nc3xe2 Bc8g4
13.Ne2f4 O-O-O
14.Nf4e6 Rd8d7
15.Bc1d2 Ne7f5
16.Bd2f4 Bg4xf3
17.gxf3 Nf5xd4
18.Ra1d1 Nd4xf3
19.Kh1 Rd7xd1
20.Rf1xd1 Bf8e7
21.Bf4xc7 Nf3g5
22.Bc7a5 Ng5xe6
23.c3 Be7d8
24.Ba5b4 a5
25.Bb4d6 Bd8c7
26.Bd6a3 Rh8e8
27.Rd1g1 Ne6g5
28.Ba3c5 Ng5f3
29.Rg1xg7  { temps }1-0

[Event "Eq:Avalon-LES CHATTERBOX :"]
[Site "www.echecsemail.com"]
[Date "2026.01.02"]
[Round "1"]
[White "Pitouwb"]
[Black "Panchoa"]
[WhiteElo "1700"]
[BlackElo "1640"]
[Result "0-1"]
1.d4 d5
2.c4 dxc4
3.e3 c3
4.bxc3 Ng8f6
5.Ng1f3 e6
6.Nf3e5 Bf8d6
7.Bf1b5 Bc8d7
8.Ne5xd7 Nb8xd7
9.O-O O-O
10.Nb1d2 c6
11.Bb5a4 b5
12.Ba4c2 e5
13.Nd2f3 e4
14.Nf3g5 Qd8e7
15.Bc2b3 c5
16.d5 Qe7e5
17.f4 Qe5xc3
18.Bc1d2 Qc3d3
19.Kh1 c4
20.Bb3c2 Qd3a3
21.Ng5xe4 Nf6xe4
22.Bc2xe4 Nd7f6
23.Be4f3 Ra8c8
24.e4 Bd6c5
25.e5 Nf6d7
26.e6 Nd7f6
27.Bd2c1 Qa3c3
28.Bc1d2 Qc3d3
 { temps }0-1

[Event "Tournoi n27299"]
[Site "www.echecsemail.com"]
[Date "2026.01.02"]
[Round "1"]
[White "Intrigue"]
[Black "Saruman"]
[WhiteElo "1720"]
[BlackElo "1720"]
[Result "1-0"]
1.d4 Ng8f6
2.c4 d5
3.Nb1c3 c5
4.Ng1f3 Bc8g4
5.e3 cxd4
6.exd4 e6
7.cxd5 Nf6xd5
8.h3 Bg4h5
9.Bf1e2 Bf8b4
10.Bc1d2 Nb8c6
11.a3 Bb4a5
12.b4 Ba5c7
13.O-O O-O
14.Nc3xd5 exd5
15.b5  { temps }1-0

[Event "Tournoi n27299"]
[Site "www.echecsemail.com"]
[Date "2026.01.02"]
[Round "1"]
[White "Saruman"]
[Black "Tizi"]
[WhiteElo "1720"]
[BlackElo "1750"]
[Result "0-1"]
1.e4 c5
2.Ng1f3 e6
3.Bf1c4 d5
4.exd5 exd5
5.Qd1e2 Bc8e6
6.Bc4b5 Nb8c6
7.Nf3e5 Ra8c8
8.d3 a6
9.Bb5xc6 bxc6
10.Bc1f4 Bf8d6
11.Nb1d2 Ng8e7
 { temps }0-1

[Event "Tournoi n27299"]
[Site "www.echecsemail.com"]
[Date "2026.01.02"]
[Round "1"]
[White "Saruman"]
[Black "Verson"]
[WhiteElo "1720"]
[BlackElo "1810"]
[Result "0-1"]
1.e4 e6
2.d4 d5
3.exd5 exd5
4.c4 Ng8f6
5.Nb1c3 c6
6.cxd5 cxd5
7.Bc1g5 Bf8e7
8.Ng1f3 O-O
9.Bf1e2 Nb8c6
10.O-O Bc8f5
11.Be2d3 Bf5g4
12.h3 Bg4h5
 { temps }0-1

[Event "Eq:Les enfants de l Atlantide-LES CHATTERBOX :"]
[Site "www.echecsemail.com"]
[Date "2026.01.02"]
[Round "1"]
[White "Tjspret"]
[Black "Pitouwb"]
[WhiteElo "1810"]
[BlackElo "1720"]
[Result "1-0"]
1.e4 d5
2.exd5 Qd8xd5
3.Ng1f3 Bc8g4
4.Bf1e2 e6
5.Nb1c3 Qd5c6
6.b3 Ng8f6
7.O-O a6
8.Bc1b2 Bf8e7
9.Ra1b1 Nb8d7
10.Nf3d4 Qc6d6
11.Nd4f3  { temps }1-0

[Event "Eq:Les enfants de l Atlantide-LES CHATTERBOX :"]
[Site "www.echecsemail.com"]
[Date "2026.01.02"]
[Round "1"]
[White "Pitouwb"]
[Black "Tjspret"]
[WhiteElo "1720"]
[BlackElo "1810"]
[Result "0-1"]
1.e4 d5
2.exd5 Qd8xd5
3.Nb1c3 Qd5d6
4.Ng1f3 Ng8f6
5.d3 g6
6.Bc1g5 Bf8g7
7.Qd1e2 O-O
8.h3 Nb8c6
9.O-O-O a6
10.Nc3e4 Qd6e6
 { temps }0-1

[Event "Tournoi n27329"]
[Site "www.echecsemail.com"]
[Date "2026.01.02"]
[Round "1"]
[White "Dolphine"]
[Black "Verson"]
[WhiteElo "2089"]
[BlackElo "1880"]
[Result "0-1"]
1.d4 d5
2.Ng1f3 Ng8f6
3.e3 e6
4.Bf1d3 Bf8d6
5.b3 Nb8d7
6.Bc1b2 O-O
7.O-O Qd8e7
8.Nb1d2 b6
9.Nf3e5 Bc8b7
 { temps }0-1

[Event "Tournoi n27189"]
[Site "www.echecsemail.com"]
[Date "2026.01.02"]
[Round "1"]
[White "Philou"]
[Black "Emmanuel"]
[WhiteElo "1920"]
[BlackElo "1950"]
[Result "1-0"]
1.d4 d5
2.Bc1f4 Ng8f6
3.e3 e6
4.Ng1f3 c5
5.c3 Bf8d6
6.Bf1b5 Nb8c6
7.Nf3e5 Bc8d7
8.Ne5xf7 Kxf7
9.Bf4xd6 a6
10.Bb5xc6 Bd7xc6
11.Bd6xc5 Rh8e8
12.Nb1d2 b6
13.Bc5a3 Qd8d7
14.O-O Kg8
15.Nd2f3 Nf6g4
16.h3 Ng4h6
17.Nf3e5 Qd7c7
18.Qd1h5 Bc6b7
19.f4 Nh6f5
20.Rf1f3 g6
21.Qh5g5 Qc7g7
22.h4 h6
23.Qg5g4 Kh7
24.Rf3h3 h5
25.Qg4f3 Re8h8
26.Qf3e2 Ra8c8
27.Ne5f3 Rc8e8
28.Nf3g5 Kg8
29.Ra1c1 Nf5h6
30.Ba3d6 Nh6g4
31.Bd6e5 Ng4xe5
32.fxe5 Qg7e7
33.Rc1f1 Re8f8
34.Rh3f3 Rf8f5
35.Rf3f4 Kg7
36.e4 dxe4
37.Ng5xe4 Rh8f8
38.Rf4xf5 Rf8xf5
39.Ne4d6 Rf5xf1
40.Qe2xf1 Bb7d5
41.c4 Bd5a8
42.Qf1f4 Qe7f8
43.Qf4xf8 Kxf8
44.g3 Ba8f3
45.Kf2 Bf3d1
46.Ke3 Bd1a4
47.Kf4 Ba4c6
48.Kg5 Kg7
49.b4 Bc6a4
50.Nd6c8 Ba4c2
51.Nc8xb6 Bc2e4
52.Nb6d7 Be4d3
53.c5 Kf7
54.a3 Ke7
55.Nd7b6 Bd3e4
56.Nb6c8 Kd7
57.Nc8b6 Kc7
58.a4 Kc6
59.Nb6c4 Kd5
60.Nc4d2 Be4d3
61.Kf6 Kxd4
62.c6 a5
63.b5  { temps }1-0

[Event "Tournoi n27216"]
[Site "www.echecsemail.com"]
[Date "2026.01.02"]
[Round "1"]
[White "Tjspret"]
[Black "Pitouwb"]
[WhiteElo "1770"]
[BlackElo "1700"]
[Result "1-0"]
1.e4 e5
2.Ng1f3 Nb8c6
3.Bf1c4 d6
4.O-O h6
5.d4 exd4
6.Nf3xd4 Bc8d7
7.Qd1f3 Ng8f6
8.c3 Bf8e7
9.b4 O-O
10.Nb1d2 Nc6e5
11.Qf3e2 Bd7g4
12.f3 Ne5xc4
13.fxg4 Nc4e5
14.h3 c5
15.bxc5 dxc5
16.Nd4f3 Ne5xf3
17.Rf1xf3 Rf8e8
18.Kf1 Nf6h7
19.Nd2c4 Nh7g5
20.Bc1xg5 Be7xg5
21.Ra1d1 Qd8c7
22.Nc4d6 Re8f8
23.g3 Bg5e7
24.Nd6f5 Be7f6
25.Rd1d3 Rf8e8
26.c4 Ra8d8
27.Kg2 b6
28.h4 Rd8xd3
29.Rf3xd3 Qc7c6
30.Kf3 Bf6e5
31.g5 hxg5
32.hxg5 g6
33.Nf5e3 Qc6e6
34.Rd3d5 Be5d4
35.Ne3g4 Kg7
36.a4 f5
37.Ng4f2 Bd4xf2
38.Kxf2 fxe4
39.Ke3 Qe6f7
40.Qe2b2 Kg8
41.Qb2f6 Qf7h7
42.Rd5d8 Qh7f7
43.Qf6xf7 Kxf7
44.Rd8xe8  { temps }1-0

[Event "Eq:Avalon-Pirates du Mat :"]
[Site "www.echecsemail.com"]
[Date "2026.01.02"]
[Round "1"]
[White "Noos"]
[Black "Petitpoeler"]
[WhiteElo "1660"]
[BlackElo "2620"]
[Result "1-0"]
1.e4 e6
2.d4 d5
3.e5 c5
4.Bf1b5 Bc8d7
5.Bb5xd7 Nb8xd7
6.Ng1f3 cxd4
7.Qd1xd4 Bf8c5
8.Qd4d3 Ng8e7
9.O-O O-O
10.Nb1c3 Ne7g6
11.Nc3b5 Ng6xe5
12.Nf3xe5  { temps }1-0

[Event "Eq:Avalon-Pirates du Mat :"]
[Site "www.echecsemail.com"]
[Date "2026.01.02"]
[Round "1"]
[White "Petitpoeler"]
[Black "Noos"]
[WhiteElo "2620"]
[BlackElo "1660"]
[Result "0-1"]
1.e4 e5
2.Ng1f3 Nb8c6
3.Bf1b5 Bf8d6
4.O-O Ng8f6
5.d4 exd4
6.e5 Bd6xe5
7.Nf3xe5 Nc6xe5
8.Rf1e1 Qd8e7
9.Bc1f4 O-O
10.Bf4xe5 d6
 { temps }0-1

[Event "Eq:Royal Kids-LES CHATTERBOX :"]
[Site "www.echecsemail.com"]
[Date "2026.01.02"]
[Round "1"]
[White "Pitouwb"]
[Black "Skalfa"]
[WhiteElo "1710"]
[BlackElo "1860"]
[Result "0-1"]
1.c4 e5
2.d4 exd4
3.Qd1xd4 Ng8f6
4.Bc1g5 Bf8e7
5.Nb1c3 c5
6.Qd4f4 Nb8c6
7.Ng1f3 h6
8.Bg5xf6 Be7xf6
9.Nc3d5 Bf6xb2
10.Ra1d1 O-O
11.Nd5c7 Ra8b8
12.e3 Bb2c3
13.Nf3d2 a6
14.Nc7d5 Bc3a5
15.Bf1d3 d6
16.O-O Nc6e5
17.Bd3e2 Kh8
 { temps }0-1

[Event "Défi( 10J+24H/c 10J Max )"]
[Site "www.echecsemail.com"]
[Date "2026.01.02"]
[Round "1"]
[White "Artabam"]
[Black "Minon"]
[WhiteElo "1000"]
[BlackElo "1940"]
[Result "0-1"]
1.e4 e5
2.Ng1f3 d6
3.Nb1c3 Bc8g4
4.Bf1e2 Nb8c6
5.O-O Bf8e7
6.Nc3d5 Ng8f6
7.Nd5xe7 Qd8xe7
8.Be2c4 Nf6xe4
9.b4 Nc6xb4
10.Bc1a3 c5
11.c3 Nb4c6
12.Qd1e1 Bg4xf3
13.gxf3 Qe7g5
14.Kh1 Ne4xd2
15.Rf1g1 Qg5f4
16.Bc4d5 Nd2xf3
17.Qe1f1 Nf3xg1
18.Qf1g2 Ng1e2
19.Qg2xg7 O-O-O
20.Bd5xf7 Qf4f3
21.Qg7g2 Qf3xg2
22.Kxg2 Ne2f4
23.Kg3 Rd8f8
24.Bf7h5 Nf4xh5
25.Kh4 Rf8xf2
26.Kxh5 Rf2xh2
27.Kg5 Rh8g8
28.Kf6 Rh2f2
29.Ke6 Rg8e8
30.Kxd6 Rf2c2
31.Ba3xc5 Rc2d2
32.Bc5d4 exd4
33.a4 dxc3
34.Kc5 c2
35.Ra1f1 Rd2d1
36.Rf1f6 c1Q
37.Kb5 Re8e5
0-1

[Event "VIC LA GARDIOLE"]
[Site "www.echecsemail.com"]
[Date "2026.01.02"]
[Round "1"]
[White "Patau"]
[Black "4x4"]
[WhiteElo "1660"]
[BlackElo "1460"]
[Result "1-0"]
1.e4 e5
2.Ng1f3 Nb8c6
3.Nb1c3 Ng8f6
4.d4 exd4
5.Nc3d5 Nf6xe4
6.Bf1c4 b6
7.Nf3xd4 Nc6xd4
8.Qd1xd4 Ne4c5
9.O-O c6
10.Rf1e1 Bf8e7
11.Nd5xe7 Nc5e6
12.Bc4xe6 Qd8xe7
13.Qd4xg7 dxe6
14.Qg7xh8 Kd7
15.Re1d1 Kc7
16.Bc1f4 Kb7
17.Qh8e5 Bc8d7
18.Rd1d3 Ra8c8
19.Ra1d1 Rc8d8
20.Qe5c7 Ka8
21.Rd3xd7 Rd8xd7
22.Qc7c8 1-0

[Event "Eq:Avalon-LES CHATTERBOX :"]
[Site "www.echecsemail.com"]
[Date "2026.01.02"]
[Round "1"]
[White "Biquet"]
[Black "Pitouwb"]
[WhiteElo "1870"]
[BlackElo "1700"]
[Result "1-0"]
1.e4 e5
2.Ng1f3 d6
3.d4 exd4
4.Nf3xd4 c5
5.Nd4b3 Ng8f6
6.Nb1c3 a6
7.Bf1c4 h6
8.O-O b5
9.Bc4d5 Nf6xd5
10.Qd1xd5 Ra8a7
11.Qd5d1 c4
12.Nb3d4 Nb8d7
13.Nd4c6 Qd8c7
14.Nc6xa7 Qc7xa7
15.Bc1e3 Qa7b8
16.Nc3d5 Nd7e5
17.f4 Ne5g4
18.Be3d4 Bc8e6
19.Nd5c3 b4
20.Nc3e2 Ng4f6
21.e5 dxe5
22.Bd4xe5 Qb8b6
23.Kh1 Nf6g4
24.Be5d4 Bf8c5
25.Bd4xc5 Qb6xc5
26.Qd1d4 Qc5f5
27.Ra1d1 O-O
28.c3 b3
29.axb3 Qf5h5
30.h3 cxb3
31.Ne2g3 Qh5h4
32.Kg1  { temps }1-0

[Event "VIC LA GARDIOLE"]
[Site "www.echecsemail.com"]
[Date "2026.01.02"]
[Round "1"]
[White "Woluwe1975"]
[Black "Patau"]
[WhiteElo "1620"]
[BlackElo "1660"]
[Result "0-1"]
1.e4 e5
2.Ng1f3 Nb8c6
3.Nb1c3 Ng8f6
4.d4 exd4
5.Nc3d5 Nf6xe4
6.Qd1e2 f5
7.Nf3g5 d3
8.Qe2xd3 Nc6e5
9.Qd3e2 Bf8c5
10.Ng5xe4 fxe4
11.Qe2xe4 O-O
12.Nd5e3 d6
13.Qe4d5 Kh8
14.Bf1e2 c6
15.Qd5b3 Qd8b6
16.Qb3xb6 Bc5xb6
17.O-O Bc8e6
18.f4 Ne5g4
19.Rf1f3 Be6d5
20.Rf3g3 Ng4xe3
21.Bc1xe3 Rf8xf4
22.Be3xb6 axb6
23.a3 Ra8e8
24.Be2f3 Bd5xf3
25.Rg3xf3 Rf4xf3
26.gxf3 Re8e2
27.Ra1c1 g5
28.b4 Re2e3
29.c3 Re3xf3
30.a4 d5
31.Kg2 Rf3e3
{ abandon }0-1